[Event "BCF-chT2a 1920 (4NCL)"]
[Site "Daventry"]
[Date "2020.02.29"]
[Round "1.11"]
[White "Rudd, Jack"]
[Black "Wheeler, Darren"]
[Result "0-1"]
[WhiteElo "2331"]
[BlackElo "2248"]
[PlyCount "80"]
[EventDate "2020.01.11"]
[EventType "team-tourn"]
[EventRounds "11"]
[EventCountry "ENG"]
[SourceTitle "CBM 195 Extra"]
[Source "ChessBase"]
[SourceDate "2020.05.31"]
[SourceVersion "1"]
[SourceVersionDate "2020.05.31"]
[SourceQuality "1"]
[WhiteTeam "West is Best"]
[BlackTeam "The ADS"]
[WhiteTeamCountry "ENG"]
[BlackTeamCountry "ENG"]

1. d4 e6 2. e4 d5 3. Nd2 a6 4. Bd3 c5 5. dxc5 Bxc5 6. exd5 exd5 7. Nb3 Ba7 8. Qe2+ Qe7 9. Bg5 f6 10. Bd2 Nc6 11. Qxe7+ Ngxe7 12. Nf3 Bf5 13. Bxf5 Nxf5 14. 0-0 0-0-0 15. Rfe1 Rhe8 16. Rxe8 Rxe8 17. Re1 Re4 18. Kf1 Kd7 19. Rd1 Ne5 20. Nxe5+ fxe5 21. g3 Rc4 22. c3 Nd6 23. f3 Rc8 24. Ke2 Ke6 25. f4 e4 26. Na1 h5 27. Nc2 Nf5 28. Be1 d4 29. Nxd4+ Bxd4 30. cxd4 Rc2+ 31. Rd2 Nxd4+ 32. Ke3 Rxd2 33. Bxd2 Kd5 34. Bc3 Nf5+ 35. Ke2 Kc4 36. Be5 g6 37. Kd2 Kd5 38. b3 h4 39. g4 Nh6 40. Bf6 h3 0-1

[Event "BCF-chT2a 1920 (4NCL)"]
[Site "Daventry"]
[Date "2020.02.09"]
[Round "6.41"]
[White "Wheeler, Darren"]
[Black "Martin, Lewis"]
[Result "1/2-1/2"]
[WhiteElo "2248"]
[BlackElo "2198"]
[PlyCount "75"]
[EventDate "2020.01.11"]
[EventType "team-tourn"]
[EventRounds "11"]
[EventCountry "ENG"]
[SourceTitle "CBM 194 Extra"]
[Source "ChessBase"]
[SourceDate "2020.03.31"]
[SourceVersion "1"]
[SourceVersionDate "2020.03.31"]
[SourceQuality "1"]
[WhiteTeam "The ADS"]
[BlackTeam "Check Innmates"]
[WhiteTeamCountry "ENG"]
[BlackTeamCountry "ENG"]

1. e4 c5 2. f4 d5 3. Nc3 d4 4. Nce2 Nc6 5. Nf3 e5 6. d3 Bd6 7. g3 Nf6 8. Bg2 Qc7 9. 0-0 Bd7 10. f5 0-0-0 11. h3 h6 12. g4 Ne7 13. Ng3 g6 14. fxg6 fxg6 15. Nh2 Rdf8 16. Bxh6 Rxh6 17. g5 Rh7 18. Rxf6 Rxf6 19. gxf6 Ng8 20. Ng4 Rf7 21. Qe2 Qb6 22. b3 Bc7 23. Rf1 Qe6 24. Qd2 Nxf6 25. Nxf6 Rxf6 26. Qh6 Rxf1+ 27. Nxf1 Qf6 28. Nh2 Bd8 29. Bf3 Qa6 30. a4 Qa5 31. Bg4 Qe1+ 32. Nf1 Bxg4 33. hxg4 Bh4 34. Qf8+ Kd7 35. Qf7+ Be7 36. Qd5+ Ke8 37. Qg8+ Kd7 38. Qd5+ 1/2-1/2

[Event "BCF-chT2a 1920 (4NCL)"]
[Site "Daventry"]
[Date "2020.02.08"]
[Round "5.42"]
[White "Wheeler, Darren"]
[Black "Taylor, Adam A"]
[Result "1/2-1/2"]
[WhiteElo "2248"]
[BlackElo "2179"]
[PlyCount "51"]
[EventDate "2020.01.11"]
[EventType "team-tourn"]
[EventRounds "11"]
[EventCountry "ENG"]
[SourceTitle "CBM 194 Extra"]
[Source "ChessBase"]
[SourceDate "2020.03.31"]
[SourceVersion "1"]
[SourceVersionDate "2020.03.31"]
[SourceQuality "1"]
[WhiteTeam "The ADS"]
[BlackTeam "North East England"]
[WhiteTeamCountry "ENG"]
[BlackTeamCountry "ENG"]

1. e4 c5 2. f4 d5 3. Nc3 d4 4. Nce2 Nc6 5. Nf3 Nf6 6. d3 g6 7. h3 Bg7 8. g4 h5 9. g5 Ng8 10. Bg2 e5 11. 0-0 Nge7 12. fxe5 Nxe5 13. Nf4 Qd6 14. Nd5 Nxd5 15. exd5 0-0 16. Bf4 Bf5 17. Nh4 Bd7 18. Qe1 Rae8 19. Qg3 Re7 20. Rae1 Rfe8 21. Re2 Bc8 22. Rfe1 b5 23. Nf3 Nxf3+ 24. Bxf3 Rxe2 25. Rxe2 Qd7 26. Rxe8+ 1/2-1/2

[Event "BCF-chT2 1819 (4NCL) Demotion"]
[Site "England"]
[Date "2019.05.06"]
[Round "11.51"]
[White "Wheeler, Darren"]
[Black "Holland, James P"]
[Result "1-0"]
[WhiteElo "2260"]
[BlackElo "2270"]
[PlyCount "121"]
[EventDate "2018.11.10"]
[EventType "team-tourn"]
[EventRounds "11"]
[EventCountry "ENG"]
[SourceTitle "EXT 2021"]
[Source "ChessBase"]
[SourceDate "2020.10.23"]
[SourceVersion "1"]
[SourceVersionDate "2020.10.23"]
[SourceQuality "1"]
[WhiteTeam "The ADS"]
[BlackTeam "Grantham Sharks II"]
[WhiteTeamCountry "ENG"]
[BlackTeamCountry "ENG"]

1. e4 e5 2. Nf3 Nc6 3. Bb5 Nf6 4. 0-0 Nxe4 5. d4 Nd6 6. Bxc6 dxc6 7. dxe5 Nf5 8. Qxd8+ Kxd8 9. Nc3 Bd7 10. h3 h6 11. g4 Ne7 12. Be3 Nd5 13. Nxd5 cxd5 14. Rad1 Ke8 15. Kg2 c6 16. Kg3 Be7 17. Nh4 g6 18. f4 h5 19. Ng2 Rg8 20. Bg1 Be6 21. Ne3 Rd8 22. f5 gxf5 23. Nxf5 hxg4 24. hxg4 Kd7 25. Rd4 Bxf5 26. Rxf5 Ke6 27. Rdf4 Rg7 28. Rh5 c5 29. Kf3 Rdg8 30. Bf2 b6 31. b3 Rg6 32. Bh4 Bxh4 33. Rxh4 R8g7 34. Rh5 d4 35. a4 Rg5 36. Rxg5 Rxg5 37. Rf6+ Ke7 38. Kf4 Rg8 39. Rc6 Rh8 40. Rc7+ Ke6 41. Rxa7 Rh2 42. Rb7 Kd5 43. Rd7+ Ke6 44. Rd6+ Ke7 45. Rxb6 Rxc2 46. a5 c4 47. bxc4 d3 48. Ke3 d2 49. Rd6 Rxc4 50. Kxd2 Re4 51. a6 Rxe5 52. Rb6 Rg5 53. a7 Ra5 54. Rb7+ Kf6 55. Kc3 Kg6 56. Kb4 Ra1 57. Kc5 f6 58. Kb6 Kg5 59. Rg7+ Kf4 60. Rg8 Rb1+ 61. Kc5 1-0

[Event "BCF-chT2a 1819 (4NCL)"]
[Site "England"]
[Date "2019.02.09"]
[Round "5.22"]
[White "Wheeler, Darren"]
[Black "Brooks, Phil J"]
[Result "1/2-1/2"]
[WhiteElo "2260"]
[BlackElo "2176"]
[PlyCount "53"]
[EventDate "2018.11.10"]
[EventType "team-tourn"]
[EventRounds "11"]
[EventCountry "ENG"]
[SourceTitle "EXT 2021"]
[Source "ChessBase"]
[SourceDate "2020.10.23"]
[SourceVersion "1"]
[SourceVersionDate "2020.10.23"]
[SourceQuality "1"]
[WhiteTeam "The ADS"]
[BlackTeam "Warwicks Select"]
[WhiteTeamCountry "ENG"]
[BlackTeamCountry "ENG"]

1. e4 e6 2. d4 d5 3. Nc3 dxe4 4. Nxe4 Nd7 5. Nf3 Ngf6 6. Nxf6+ Nxf6 7. Be2 c5 8. Be3 Qc7 9. 0-0 Bd6 10. dxc5 Bxc5 11. Bxc5 Qxc5 12. Qd4 Qxd4 13. Nxd4 Bd7 14. Bf3 0-0-0 15. Rfe1 a6 16. Nb3 Kc7 17. Re3 Bc6 18. Bxc6 Kxc6 19. Rc3+ Kb6 20. a4 Rd7 21. Kf1 Rhd8 22. a5+ Ka7 23. Ke2 Kb8 24. Rc4 Rd5 25. f3 Re5+ 26. Kf2 Red5 27. Re1 1/2-1/2

[Event "BCF-chT1d 1718 (4NCL) Demotion pool"]
[Site "England"]
[Date "2018.05.05"]
[Round "9.84"]
[White "Jones, Steven"]
[Black "Wheeler, Darren"]
[Result "1/2-1/2"]
[WhiteElo "2225"]
[BlackElo "2250"]
[PlyCount "105"]
[EventDate "2017.11.11"]
[EventType "team-swiss"]
[EventRounds "11"]
[EventCountry "ENG"]
[SourceTitle "EXT 2019"]
[Source "ChessBase"]
[SourceDate "2018.10.10"]
[SourceVersion "1"]
[SourceVersionDate "2018.10.10"]
[SourceQuality "1"]
[WhiteTeam "West is Best"]
[BlackTeam "The ADS"]
[WhiteTeamCountry "ENG"]
[BlackTeamCountry "ENG"]

1. Nf3 d5 2. c4 e6 3. g3 c5 4. Bg2 Nc6 5. cxd5 exd5 6. d4 Nf6 7. 0-0 Be7 8. Nc3 0-0 9. Bg5 Be6 10. dxc5 Bxc5 11. Rc1 Be7 12. Nd4 h6 13. Bf4 Qd7 14. Nxe6 fxe6 15. e4 d4 16. e5 dxc3 17. exf6 Qxd1 18. Rfxd1 Bxf6 19. bxc3 Rfd8 20. Be3 Kf7 21. Rb1 Rxd1+ 22. Rxd1 Rd8 23. Rxd8 Nxd8 24. Bxa7 Bxc3 25. Bb6 Ke7 26. Bxd8+ Kxd8 27. Bxb7 Kc7 28. Bg2 Kd6 29. Kf1 Kc5 30. Ke2 Kd4 31. f4 e5 32. f5 e4 33. a4 Ke5 34. Bh3 Ba5 35. Bg4 Kd4 36. Bh5 Ke5 37. Bg6 Kd4 38. Be8 Ke5 39. Bd7 Bd8 40. g4 Kf4 41. h3 Ba5 42. Bc6 h5 43. Bd7 hxg4 44. hxg4 Bb4 45. Bc6 Ba5 46. Kd1 Kxg4 47. Bxe4 Kf4 48. Bb1 Ke5 49. Ke2 Kd4 50. Kf3 Kc3 51. Be4 Kb4 52. Bc6 Bd8 53. Ke4 1/2-1/2

[Event "BCF-chT2 1617 (4NCL) Promotion pool"]
[Site "England"]
[Date "2017.03.05"]
[Round "8.42"]
[White "Greet, Andrew"]
[Black "Wheeler, Darren"]
[Result "1-0"]
[WhiteElo "2448"]
[BlackElo "2260"]
[PlyCount "89"]
[EventDate "2016.11.19"]
[EventType "team-tourn"]
[EventRounds "11"]
[EventCountry "ENG"]
[SourceTitle "EXT 2019"]
[Source "ChessBase"]
[SourceDate "2018.10.10"]
[SourceVersion "1"]
[SourceVersionDate "2018.10.10"]
[SourceQuality "1"]
[WhiteTeam "Alba"]
[BlackTeam "The ADS"]
[WhiteTeamCountry "SCO"]
[BlackTeamCountry "ENG"]

1. d4 e6 2. c4 Nf6 3. g3 d5 4. Nf3 c5 5. cxd5 exd5 6. Bg2 Nc6 7. 0-0 Be7 8. dxc5 Bxc5 9. Qc2 Be7 10. Rd1 Be6 11. Nc3 Qa5 12. Ng5 Rd8 13. Nxe6 fxe6 14. a3 0-0 15. Bh3 Kf7 16. e3 Ne5 17. Qe2 Qa6 18. Qxa6 bxa6 19. Bf1 a5 20. Nb5 Bc5 21. Kg2 Rb8 22. b4 axb4 23. axb4 Bxb4 24. Rxa7+ Kg8 25. Nd4 Rb6 26. Ra6 Rxa6 27. Bxa6 Kf7 28. Bb2 Ned7 29. Nf3 Ke7 30. Bd3 Bd6 31. Ra1 e5 32. Nh4 g6 33. Bxg6 hxg6 34. Nxg6+ Ke6 35. Nxf8+ Bxf8 36. Ra6+ Kf5 37. f3 Bc5 38. g4+ Kg5 39. Bc1 e4 40. Kg3 exf3 41. h4+ Kg6 42. g5 Kf5 43. gxf6 Nxf6 44. Kxf3 Be7 45. Ba3 1-0

[Event "BCF-chT1d 1415 (4NCL) Demotion pool"]
[Site "England"]
[Date "2015.03.29"]
[Round "8.172"]
[White "Wheeler, Darren"]
[Black "Stanford, Maxim Barth"]
[Result "1/2-1/2"]
[WhiteElo "2268"]
[BlackElo "2346"]
[PlyCount "145"]
[EventDate "2014.11.15"]
[EventType "team-tourn"]
[EventRounds "4"]
[EventCountry "ENG"]
[SourceTitle "EXT 2016"]
[Source "ChessBase"]
[SourceDate "2015.10.08"]
[SourceVersion "1"]
[SourceVersionDate "2015.10.08"]
[SourceQuality "1"]
[WhiteTeam "The ADS"]
[BlackTeam "Barbican II"]
[WhiteTeamCountry "ENG"]
[BlackTeamCountry "ENG"]

1. e4 e5 2. Nf3 Nc6 3. Bb5 Nge7 4. 0-0 g6 5. c3 a6 6. Bxc6 Nxc6 7. d4 exd4 8. cxd4 Bg7 9. Nc3 0-0 10. Bg5 f6 11. Be3 d6 12. h3 Kh8 13. Re1 Ne7 14. d5 c5 15. dxc6 bxc6 16. Qd2 Be6 17. Rad1 Nc8 18. Bc5 Bg8 19. Bxd6 Nxd6 20. Qxd6 Qb6 21. Qd2 f5 22. e5 Rfe8 23. b3 Rad8 24. Qb2 c5 25. Na4 Qc6 26. Rxd8 Rxd8 27. Qc3 Rc8 28. Rc1 Qe8 29. Nxc5 Bd5 30. Qe3 Bxf3 31. gxf3 f4 32. Qxf4 Bxe5 33. Qg5 Bb2 34. Rd1 Qf8 35. Ne6 Qf6 36. Qxf6+ Bxf6 37. Rd2 Kg8 38. Re2 Kf7 39. Nf4 Rd8 40. Rc2 Be5 41. Ne2 Rd5 42. Kg2 h5 43. Ng3 Bd6 44. Ne4 Be7 45. Rd2 Ke6 46. Rxd5 Kxd5 47. Kf1 Kd4 48. Ke2 Bb4 49. Nf6 Be7 50. Nd7 Bd6 51. Nb6 Kc3 52. Na4+ Kc2 53. Ke3 Kb1 54. Nc3+ Kb2 55. Kd3 Be5 56. Nd5 Kxa2 57. Kc4 Bd6 58. Nc3+ Ka3 59. Ne4 Be7 60. Kc3 a5 61. Kc4 Kb2 62. f4 h4 63. Ng5 Kc2 64. Nf3 Bd8 65. Ne5 Kd2 66. Nxg6 Ke2 67. Kb5 Kxf2 68. Nxh4 Bxh4 69. Kxa5 Kf3 70. f5 Kf4 71. b4 Kxf5 72. b5 Bf2 73. Ka6 1/2-1/2

[Event "BCF-chT1a 1415 (4NCL)"]
[Site "England"]
[Date "2015.03.28"]
[Round "7.134"]
[White "Ciuksyte, Dagne"]
[Black "Wheeler, Darren"]
[Result "1-0"]
[WhiteElo "2340"]
[BlackElo "2268"]
[PlyCount "143"]
[EventDate "2014.11.15"]
[EventType "team-swiss"]
[EventRounds "11"]
[EventCountry "ENG"]
[SourceTitle "EXT 2016"]
[Source "ChessBase"]
[SourceDate "2015.10.08"]
[SourceVersion "1"]
[SourceVersionDate "2015.10.08"]
[SourceQuality "1"]
[WhiteTeam "Guildford II"]
[BlackTeam "The ADS"]
[WhiteTeamCountry "ENG"]
[BlackTeamCountry "ENG"]

1. e4 e6 2. d4 d5 3. Nd2 Nf6 4. e5 Nfd7 5. c3 c5 6. Bd3 Nc6 7. Ne2 cxd4 8. cxd4 f6 9. exf6 Nxf6 10. Nf3 Bd6 11. 0-0 Qc7 12. Bg5 0-0 13. Rc1 h6 14. Bd2 g5 15. Ne5 Bxe5 16. dxe5 Ng4 17. Ng3 Ngxe5 18. Bb1 Qg7 19. Nh5 Qf7 20. f4 Nc4 21. Bc3 e5 22. fxg5 Qxf1+ 23. Qxf1 Rxf1+ 24. Rxf1 hxg5 25. Nf6+ Kg7 26. Ne8+ Kg8 27. Nf6+ Kg7 28. Nxd5 Bd7 29. Bd3 Nb6 30. Nxb6 axb6 31. Bc4 Rf8 32. Rxf8 Kxf8 33. Bd2 g4 34. Kf2 Ke7 35. Ke3 Bf5 36. Bd3 Ke6 37. Be4 Nd8 38. a4 Bxe4 39. Kxe4 Nf7 40. h4 gxh3 41. gxh3 Nd6+ 42. Kd3 b5 43. axb5 Nxb5 44. h4 Nd6 45. h5 Kf5 46. b3 Ne4 47. Bc1 Nf6 48. h6 Nh7 49. Kc4 Ke4 50. b4 Nf6 51. Bb2 Kf5 52. Kb5 e4 53. Bc1 Kg6 54. Kc5 Ng4 55. Kd4 Nf6 56. Ke5 b5 57. Kd4 Kh7 58. Bg5 Ng4 59. Kxe4 Kg6 60. Bc1 Nf2+ 61. Kd4 Kh7 62. Bd2 Kg6 63. Be1 Ng4 64. Kc5 Kxh6 65. Kxb5 Ne5 66. Kb6 Kg6 67. Bc3 Nc4+ 68. Kc5 Na3 69. Bb2 Nb1 70. b5 Nd2 71. b6 Ne4+ 72. Kc6 1-0

[Event "BCF-chT1a 1415 (4NCL)"]
[Site "England"]
[Date "2015.02.14"]
[Round "5.115"]
[White "McDonald, Neil R"]
[Black "Wheeler, Darren"]
[Result "0-1"]
[WhiteElo "2415"]
[BlackElo "2268"]
[PlyCount "106"]
[EventDate "2014.11.15"]
[EventType "team-swiss"]
[EventRounds "11"]
[EventCountry "ENG"]
[SourceTitle "EXT 2016"]
[Source "ChessBase"]
[SourceDate "2015.10.08"]
[SourceVersion "1"]
[SourceVersionDate "2015.10.08"]
[SourceQuality "1"]
[WhiteTeam "Wood Green"]
[BlackTeam "The ADS"]
[WhiteTeamCountry "ENG"]
[BlackTeamCountry "ENG"]

1. e4 e6 2. d4 d5 3. e5 c5 4. c3 Nc6 5. Nf3 Qb6 6. a3 c4 7. Nbd2 Na5 8. Rb1 Bd7 9. Be2 f6 10. 0-0 Nh6 11. Re1 Nf7 12. Bf1 fxe5 13. Nxe5 Nxe5 14. Rxe5 Bd6 15. Rg5 0-0 16. b3 Qd8 17. Qg4 Qf6 18. Nf3 Nxb3 19. Be3 Be8 20. Ne5 Bxe5 21. Rxe5 Bg6 22. Rb2 Bf5 23. Qd1 Qg6 24. f3 Na5 25. Kh1 Nc6 26. Bf4 Nxe5 27. Bxe5 b6 28. g4 Bd3 29. Bg2 Qh6 30. Qe1 g5 31. Qe3 Qg6 32. Rf2 Rf7 33. h4 gxh4 34. Bh3 Raf8 35. Kh2 h6 36. g5 h5 37. f4 Bf5 38. Bg2 Bg4 39. Rd2 Kh7 40. Qe1 h3 41. Bh1 Rxf4 42. Bxf4 Rxf4 43. Qe5 Rf5 44. Qc7+ Qf7 45. Qg3 Rf1 46. a4 Qf4 47. Qxf4 Rxf4 48. a5 Kg6 49. axb6 axb6 50. Rb2 Kxg5 51. Kg1 Kh4 52. Rxb6 Kg3 53. Rb2 h2+ 0-1

[Event "BCF-chT2b 1314 (4NCL)"]
[Site "England"]
[Date "2013.11.17"]
[Round "2.52"]
[White "Wheeler, Darren"]
[Black "Dineley, Richard"]
[Result "1/2-1/2"]
[WhiteElo "2282"]
[BlackElo "2248"]
[PlyCount "36"]
[EventDate "2013.11.16"]
[EventType "team-swiss"]
[EventRounds "11"]
[EventCountry "ENG"]
[SourceTitle "CBM 157 Extra"]
[Source "ChessBase"]
[SourceDate "2013.12.19"]
[SourceVersion "1"]
[SourceVersionDate "2013.12.19"]
[SourceQuality "1"]
[WhiteTeam "The ADS"]
[BlackTeam "South Wales Dragons"]
[WhiteTeamCountry "ENG"]
[BlackTeamCountry "ENG"]

1. e4 c5 2. f4 d5 3. Nc3 dxe4 4. Nxe4 e6 5. Nf3 Nc6 6. Bc4 Nf6 7. Qe2 Be7 8. c3 0-0 9. 0-0 b6 10. Ng3 g6 11. Ne5 Bb7 12. Bxe6 Nxe5 13. fxe5 fxe6 14. exf6 Rxf6 15. Rxf6 Bxf6 16. Qxe6+ Kg7 17. Ne4 Qe7 18. Qxf6+ Qxf6 1/2-1/2

[Event "BCF-chT2d 1213 (4NCL) Demotion pool"]
[Site "England"]
[Date "2013.05.05"]
[Round "10.62"]
[White "Kett, Timothy"]
[Black "Wheeler, Darren"]
[Result "1/2-1/2"]
[WhiteElo "2220"]
[BlackElo "2284"]
[PlyCount "80"]
[EventDate "2012.11.03"]
[EventType "team-tourn"]
[EventRounds "4"]
[EventCountry "ENG"]
[SourceTitle "EXT 2014"]
[Source "ChessBase"]
[SourceDate "2013.11.20"]
[SourceVersion "1"]
[SourceVersionDate "2013.11.20"]
[SourceQuality "1"]
[WhiteTeam "Rhyfelwyr Essyllwg"]
[BlackTeam "The ADS"]
[WhiteTeamCountry "ENG"]
[BlackTeamCountry "ENG"]

1. d4 e6 2. c4 Nf6 3. Nc3 Bb4 4. e3 c5 5. Nf3 Bxc3+ 6. bxc3 d6 7. Be2 Nc6 8. 0-0 0-0 9. Qc2 e5 10. Bb2 Re8 11. Rae1 Bg4 12. Nh4 Bxe2 13. Rxe2 Na5 14. e4 Nxc4 15. Bc1 Nh5 16. g3 Nf4 17. Bxf4 exf4 18. Qd3 b5 19. Qf3 cxd4 20. cxd4 Qf6 21. Rd1 a5 22. Nf5 fxg3 23. hxg3 g6 24. Nh6+ Kg7 25. Qh1 Qg5 26. Nxf7 Kxf7 27. Qxh7+ Ke6 28. e5 d5 29. Qb7 Rad8 30. Kg2 Qe7 31. Qxb5 Kf7 32. Rh1 Kg7 33. Rh4 Rh8 34. Rxh8 Kxh8 35. Re1 Kg7 36. Qc6 Qf7 37. Rb1 Re8 38. Rb7 Re7 39. Rxe7 Qxe7 40. Qxd5 Qc7 1/2-1/2

[Event "BCF-chT2d 1213 (4NCL) Demotion pool"]
[Site "England"]
[Date "2013.05.04"]
[Round "9.16"]
[White "Wheeler, Darren"]
[Black "Carleton, John Joseph"]
[Result "1/2-1/2"]
[WhiteElo "2284"]
[BlackElo "2277"]
[PlyCount "54"]
[EventDate "2012.11.03"]
[EventType "team-tourn"]
[EventRounds "4"]
[EventCountry "ENG"]
[SourceTitle "EXT 2014"]
[Source "ChessBase"]
[SourceDate "2013.11.20"]
[SourceVersion "1"]
[SourceVersionDate "2013.11.20"]
[SourceQuality "1"]
[WhiteTeam "The ADS"]
[BlackTeam "Spirit of Atticus"]
[WhiteTeamCountry "ENG"]
[BlackTeamCountry "ENG"]

1. e4 Nf6 2. e5 Nd5 3. d4 d6 4. Nf3 Nc6 5. c4 Nb6 6. exd6 exd6 7. Be2 Be7 8. 0-0 0-0 9. h3 Bf6 10. Nc3 Re8 11. Be3 Bf5 12. b3 h6 13. Qd2 d5 14. c5 Nc8 15. a3 N8e7 16. b4 a6 17. Ne1 Ng6 18. g4 Be6 19. Ng2 Nh4 20. Nxh4 Bxh4 21. f4 f6 22. Bd3 Qd7 23. f5 Bf7 24. Bc2 Re7 25. Bf2 Bg5 26. Qd3 Rae8 27. Rae1 h5 1/2-1/2

[Event "BCF-chT2b 1213 (4NCL)"]
[Site "England"]
[Date "2013.02.23"]
[Round "5.52"]
[White "Wheeler, Darren"]
[Black "Ashton, Adam"]
[Result "0-1"]
[WhiteElo "2284"]
[BlackElo "2367"]
[PlyCount "70"]
[EventDate "2012.11.03"]
[EventType "team-tourn"]
[EventRounds "7"]
[EventCountry "ENG"]
[SourceTitle "EXT 2014"]
[Source "ChessBase"]
[SourceDate "2013.11.20"]
[SourceVersion "1"]
[SourceVersionDate "2013.11.20"]
[SourceQuality "1"]
[WhiteTeam "The ADS"]
[BlackTeam "3CS Oldham"]
[WhiteTeamCountry "ENG"]
[BlackTeamCountry "ENG"]

1. e4 e5 2. Nf3 Nc6 3. Bb5 a6 4. Bxc6 dxc6 5. 0-0 Ne7 6. Nxe5 Qd4 7. Qh5 g6 8. Qg5 Bg7 9. Nd3 f5 10. e5 c5 11. b3 b6 12. Bb2 Qg4 13. f4 Bb7 14. Nc3 Qxg5 15. fxg5 0-0-0 16. Ne2 h6 17. Nef4 hxg5 18. Ne6 Rxd3 19. cxd3 Bh6 20. d4 Bd5 21. Nxc7 Kxc7 22. dxc5 b5 23. d4 g4 24. Bc1 g5 25. g3 Rf8 26. Kf2 f4 27. gxf4 gxf4 28. Rg1 Rg8 29. a4 b4 30. a5 Nf5 31. Bd2 g3+ 32. hxg3 fxg3+ 33. Ke1 Bxd2+ 34. Kxd2 Nxd4 35. Ke3 Nc2+ 0-1

[Event "BCF-chTd 1112 (4NCL)"]
[Site "England"]
[Date "2012.05.07"]
[Round "11.154"]
[White "Houska, Jovanka"]
[Black "Wheeler, Darren"]
[Result "1-0"]
[WhiteElo "2396"]
[BlackElo "2272"]
[PlyCount "80"]
[EventDate "2011.11.12"]
[EventType "team-swiss"]
[EventRounds "11"]
[EventCountry "ENG"]
[SourceTitle "EXT 2013"]
[Source "ChessBase"]
[SourceDate "2012.11.22"]
[SourceVersion "1"]
[SourceVersionDate "2012.11.22"]
[SourceQuality "1"]
[WhiteTeam "Wood Green Hilsmark II"]
[BlackTeam "The ADS"]
[WhiteTeamCountry "ENG"]
[BlackTeamCountry "ENG"]

1. d4 e6 2. c4 Nf6 3. Nf3 d5 4. g3 c5 5. cxd5 exd5 6. Bg2 Nc6 7. 0-0 Be7 8. dxc5 Bxc5 9. a3 a5 10. Bg5 Be6 11. Nc3 0-0 12. Rc1 Be7 13. Nd4 Qb6 14. Nxe6 fxe6 15. Bh3 Nd8 16. Na4 Qd6 17. Be3 Ra6 18. Qb3 Ne4 19. Rfd1 Qe5 20. Bg2 Qf5 21. Bxe4 Qxe4 22. Rc7 Re8 23. Bc5 Bf6 24. Qb5 Qg6 25. Nb6 Be5 26. Rd7 h5 27. Rd3 Kh7 28. h4 Rg8 29. b3 Bf6 30. Kh2 Kh8 31. Rf3 d4 32. Be7 Bxe7 33. Rxe7 Qh6 34. Nc4 Rc6 35. Rd7 Rxc4 36. bxc4 Nc6 37. Rxb7 e5 38. Rb6 Rc8 39. Qc5 Qe6 40. Qd5 Qxd5 1-0

[Event "BCF-chTa 1112 (4NCL)"]
[Site "England"]
[Date "2012.01.15"]
[Round "4.32"]
[White "Wheeler, Darren"]
[Black "Talsma, Paul"]
[Result "1-0"]
[WhiteElo "2272"]
[BlackElo "2246"]
[PlyCount "73"]
[EventDate "2011.11.12"]
[EventType "team-tourn"]
[EventRounds "7"]
[EventCountry "ENG"]
[SourceTitle "EXT 2013"]
[Source "ChessBase"]
[SourceDate "2012.11.22"]
[SourceVersion "1"]
[SourceVersionDate "2012.11.22"]
[SourceQuality "1"]
[WhiteTeam "The ADS"]
[BlackTeam "Anglian Avengers"]
[WhiteTeamCountry "ENG"]
[BlackTeamCountry "ENG"]

1. e4 e5 2. Nf3 Nc6 3. Bb5 a6 4. Bxc6 dxc6 5. 0-0 f6 6. d4 exd4 7. Nxd4 c5 8. Nb3 Qxd1 9. Rxd1 Bg4 10. f3 Be6 11. Be3 b6 12. a4 Kf7 13. a5 c4 14. Nd4 b5 15. Nc3 Bd6 16. f4 Re8 17. Rf1 Bc8 18. e5 Bc5 19. Rae1 Nh6 20. Ne4 Bb4 21. c3 Bxa5 22. Nc6 Bf5 23. Bc5 Bb6 24. Bxb6 Bxe4 25. Rxe4 cxb6 26. Rd1 Kg6 27. e6 Ng4 28. e7 Nh6 29. Re6 Kf7 30. Nd8+ Kg6 31. h3 Kf5 32. Rd5+ Kg6 33. g4 Rhg8 34. Kg2 Rh8 35. h4 Nxg4 36. h5+ Kh6 37. Nf7# 1-0

[Event "BCF-chT1a 1011 (4NCL)"]
[Site "England"]
[Date "2011.03.26"]
[Round "7.14"]
[White "Ansell, Simon"]
[Black "Wheeler, Darren"]
[Result "1-0"]
[WhiteElo "2417"]
[BlackElo "2236"]
[PlyCount "119"]
[EventDate "2010.11.06"]
[EventType "team-tourn"]
[EventRounds "7"]
[EventCountry "ENG"]
[SourceTitle "EXT 2012"]
[Source "ChessBase"]
[SourceDate "2011.11.24"]
[SourceVersion "1"]
[SourceVersionDate "2011.11.24"]
[SourceQuality "1"]
[WhiteTeam "Betsson.com"]
[BlackTeam "The ADS"]
[WhiteTeamCountry "ENG"]
[BlackTeamCountry "ENG"]

1. d4 e6 2. c4 Nf6 3. g3 d5 4. Bg2 Be7 5. Nf3 c5 6. cxd5 exd5 7. 0-0 Nc6 8. Nc3 0-0 9. dxc5 Bxc5 10. Na4 Be7 11. Be3 Bg4 12. Nd4 Qd7 13. Nxc6 bxc6 14. Nc5 Bxc5 15. Bxc5 Rfe8 16. f3 Bh3 17. Rc1 Bxg2 18. Kxg2 Qb7 19. b3 Re6 20. Rc2 Nd7 21. Bf2 Rae8 22. Re1 h6 23. Kf1 a6 24. Qd3 Ne5 25. Qc3 Ng6 26. Qd4 Re5 27. Kg2 Qb5 28. Qb6 R5e6 29. Qxb5 cxb5 30. Kf1 Ne7 31. Rd1 Nc6 32. Rdc1 Ne7 33. Rd2 g6 34. g4 Kh7 35. Rc7 Kg8 36. Bc5 Re5 37. Bxe7 R8xe7 38. Rxe7 Rxe7 39. Rxd5 Rc7 40. Rd6 Rc1+ 41. Kf2 Rh1 42. Kg3 Rg1+ 43. Kh3 Re1 44. e4 a5 45. Ra6 a4 46. bxa4 bxa4 47. Rxa4 g5 48. Rb4 Re2 49. a4 Ra2 50. Kg3 Kg7 51. h4 Kg6 52. Rb6+ Kg7 53. Ra6 Kh7 54. Ra7 Kg6 55. e5 Re2 56. Re7 Ra2 57. h5+ Kg7 58. e6 Kf6 59. Rxf7+ Kxe6 60. Rh7 1-0

[Event "BCF-chT1c 0910 (4NCL) Promotion pool"]
[Site "England"]
[Date "2010.03.28"]
[Round "8.2"]
[White "D'Costa, Lorin AR"]
[Black "Wheeler, Darren"]
[Result "1/2-1/2"]
[WhiteElo "2466"]
[BlackElo "2240"]
[PlyCount "77"]
[EventDate "2009.10.24"]
[EventType "team-tourn"]
[EventRounds "4"]
[EventCountry "ENG"]
[SourceTitle "EXT 2011"]
[Source "ChessBase"]
[SourceDate "2010.11.26"]
[SourceVersion "1"]
[SourceVersionDate "2010.11.26"]
[SourceQuality "1"]
[WhiteTeam "Barbican"]
[BlackTeam "The ADS"]
[WhiteTeamCountry "ENG"]
[BlackTeamCountry "ENG"]

1. d4 e6 2. Nf3 d5 3. c4 c5 4. cxd5 exd5 5. g3 Nc6 6. Bg2 Nf6 7. 0-0 Be7 8. Nc3 0-0 9. Bg5 Be6 10. dxc5 Bxc5 11. Rc1 Bb6 12. Qa4 h6 13. Bh4 Qe7 14. Rfd1 g5 15. Nxg5 Bxf2+ 16. Kh1 Be3 17. Nf3 d4 18. Ne4 Nxe4 19. Bxe7 Nf2+ 20. Kg1 Nxd1+ 21. Kf1 Nxb2 22. Qc2 Nxe7 23. Qxb2 Bxc1 24. Qxc1 Nf5 25. Kf2 Rad8 26. Qf4 d3 27. e4 Ng7 28. Qxh6 f6 29. a3 f5 30. Bh3 d2 31. Nxd2 fxe4+ 32. Ke2 Bxh3 33. Qxh3 Rfe8 34. Qg4 Rd3 35. a4 Ra3 36. h4 e3 37. Ne4 Ra2+ 38. Ke1 Ra1+ 39. Ke2 1/2-1/2